Where Did These 2022-2023 Players Play Before Joining Leicester - Statistics

General Stats
  • This quiz has been taken 16 times
  • The average score is 20 of 32
Answer Stats
Player Nationality Position Year Joined Answer % Correct
Luke Thomas England DF 2020 Leicester(Academy)
90%
Harvey Barnes England MF 2016 Leicester(Academy)
90%
Kiernan Dewsbury-Hall England MF 2017 Leicester(Academy)
90%
Kelechi Iheanacho Nigeria FW 2017 Manchester City
90%
Ryan Bertrand England DF 2021 Southampton
90%
Jannik Vestergaard Denmark DF 2021 Southampton
90%
Marc Albrighton England MF 2014 Aston Villa
80%
Timothy Castagne Belgium DF 2020 Atalanta
80%
Jamie Vardy England FW 2012 Fleetwood Town
80%
Hamza Choudhury England MF 2015 Leicester(Academy)
80%
Ayoze Pérez Spain FW 2019 Newcastle United
80%
Harry Souttar Australia DF 2023 Stoke City
80%
Jonny Evans Northern Ireland DF 2018 West Bromwich Albion
80%
Youri Tielemans Belgium MF 2019 AS Monaco
70%
James Justin England DF 2019 Luton Town
70%
James Maddison England MF 2018 Norwich City
70%
Ricardo Pereira Portugal DF 2018 Porto
70%
Danny Ward Wales GK 2018 Liverpool
60%
Victor Kristiansen Denmark DF 2023 Copenhagen
50%
Wilfred Ndidi Nigeria MF 2017 Genk
50%
Boubakary Soumaré France MF 2021 Lille
50%
Jakub Stolarczyk Poland GK 2017 Piast Chęciny or Leicester Academy
50%
Patson Daka Zambia FW 2021 RB Salzburg
50%
Wout Faes Belgium DF 2022 Reims
50%
Alex Smithies England GK 2022 Cardiff City
40%
Daniel Iversen Denmark GK 2018 Leicester(Academy)
40%
Çağlar Söyüncü Turkey DF 2018 SC Freiburg
40%
Tetê Brazil MF 2019 Shakhtar Donetsk
40%
Dennis Praet Belgium MF 2019 Sampdoria
30%
Daniel Amartey Ghana DF 2016 Copenhagen
20%
Nampalys Mendy Senegal MF 2016 OGC Nice
20%
George Hirst England FW 2019 Oud-Heverlee Leuven
10%
No matching quizzes found
Score Distribution
Percent of People with Each Score
Percentile by Number Answered
Your Score History
You have not taken this quiz